| 000 | 00548nam a2200181Ia 4500 | ||
|---|---|---|---|
| 003 | SGT | ||
| 020 | _a9788120312388 | ||
| 082 |
_a658.848 _bONK |
||
| 100 | _aOnkvisit, Sak | ||
| 245 | _aInternational marketing : analysis and strategy | ||
| 250 | _a3rd . Ed. | ||
| 260 |
_bPHI Learning Private Limited _aNew Delhi _c2009 |
||
| 300 | _a750p. | ||
| 650 | _aMANAGEMENT | ||
| 653 | _aPART ONE OVERVIEW OF WORLD BUSINESS,PART TWO WORLD MARKET ENVIRONMENT,PART THREE PLANNING FOR INTERNATIONAL MARKETING | ||
| 700 | _aShaw, John J. | ||
| 942 |
_2ddc _cBK |
||
| 999 |
_c5620 _d5620 |
||